000 00926nam a2200265 a 4500
001 BRL_376
005 20190320210718.0
008 050813s1974----mx-h######---#000-0#spa-#
041 _aspa
044 _amx
050 4 _aF1219.56.L55
_bL54
_c1974
130 0 _aLienzo Totomixtlahuaca
_923700
245 1 0 _aLienzo Totomixtlahuaca 1570 (codice CODUMEX)
_cnota introductoria por John B. Glass
250 _aReproducción facsimilar
260 _aMéxico
_bCentro de Estudios de Historia de México, CONDUMEX
_c1974
300 _axxi, 37 p.
_bil. (algunas a color)
_c30 cm.
500 _aAu355
650 1 4 _aNahuas
_xTenencia de la tierra
_923701
650 1 4 _aIndígenas de México
_xTenencia de la tierra
_zMéxico
_zGuerrero
_923702
650 1 4 _aManuscritos mexicanos
_xFacsímiles
_95310
700 1 _aGlass, John B.
_923703
710 2 _aCentro de Estudios de Historia de México
_923704
902 _aGRL
942 _2lcc
_cB
999 _c9189
_d9189